Logo Kaleidoscope Quiz Stats

Quiz Updated May 16, 2018

Also try: Fabulous Fonts
Challenge
Share
Tweet
Score 0/20 Timer 05:00
4 Plays Today
% Correct
Shell
93.9%
Taco Bell
88.8%
BP
85.4%
Heineken
79.3%
Target
78.6%
Quiznos
72.9%
Fruit of the Loom
68.2%
Sega
66.5%
AT&T
66.1%
NBC
63.9%
% Correct
Dannon
47.2%
Dole
41.9%
Texaco
41.9%
Twitter
39.9%
McDonald's
30.3%
Post-It
15.9%
Hershey's
15.2%
NFL
3.8%
Ocean Spray
3.1%
Visa
2.3%

You're not logged in!

Compare scores with friends on all Sporcle quizzes.
Join for Free
OR
Log In

You Might Also Like...

Show Comments

Extras

Top Quizzes Today


Score Distribution

Your Account Isn't Verified!

In order to create a playlist on Sporcle, you need to verify the email address you used during registration. Go to your Sporcle Settings to finish the process.

Report this User

Report this user for behavior that violates our Community Guidelines.

Details: